000 00823nac a22002537a 4500
001 BR9901918
003 BR-BrBNA
005 20240105122155.0
008 230509b bl.|||m| |||| 00| 0 por d
040 _aBR-BrBNA
_bpor
_cBiblioteca Nacional de Agricultura
072 _aF30; F03
090 _aF30 BR9901918
110 1 _aSecretaria de Desenvolvimento Rural, Brasilia, DF (Brasil)
_98738
245 1 _aListagem nacional de cultivares protegidas e registradas
260 3 _aBrasilia, DF (Brasil):
_c1999.
300 _a47 p.
490 _aListagem Nacional de Cultivares Protegidas e Registradas (Brazil)
_vno. 1
_x
500 _aNumeral data
650 _aVariedade
650 _aCertificacao de Semente
650 _aDefesa Vegetal
909 _a202312
_bLúcia Elande
_c55
_dLúcia Elande
942 _2AGRIS
_n0
_cMS
999 _c289615
_d289615